India, a short cultural history / (Record no. 22403)

MARC details
000 -LEADER
fixed length control field 01308nam a22003377a 4500
001 - CONTROL NUMBER
control field 1195094
003 - CONTROL NUMBER IDENTIFIER
control field BDDh-ASL
005 - DATE AND TIME OF LATEST TRANSACTION
control field 20231015030128.0
007 - PHYSICAL DESCRIPTION FIXED FIELD--GENERAL INFORMATION
fixed length control field hduafb---bacp
007 - PHYSICAL DESCRIPTION FIXED FIELD--GENERAL INFORMATION
fixed length control field hdubfb---baap
008 - FIXED-LENGTH DATA ELEMENTS--GENERAL INFORMATION
fixed length control field 980205s19481937enkab a 001 0 eng
010 ## - LIBRARY OF CONGRESS CONTROL NUMBER
LC control number 97907775
025 ## - OVERSEAS ACQUISITION NUMBER
Overseas acquisition number NBIL-10726
040 ## - CATALOGING SOURCE
Original cataloging agency DLC
Transcribing agency DLC
Modifying agency BDDh-ASL
042 ## - AUTHENTICATION CODE
Authentication code lcode
043 ## - GEOGRAPHIC AREA CODE
Geographic area code a-ii---
050 00 - LIBRARY OF CONGRESS CALL NUMBER
Classification number Microfilm BUL-ENG-312 (D)
082 ## - DEWEY DECIMAL CLASSIFICATION NUMBER
Classification number 954.306
Item number RAI
100 1# - MAIN ENTRY--PERSONAL NAME
Personal name Rawlinson, H. G.
Fuller form of name (Hugh George),
Dates associated with a name 1880-
245 10 - TITLE STATEMENT
Title India, a short cultural history /
Statement of responsibility, etc. by H.G. Rawlinson ; edited by C.G. Seligman.
260 ## - PUBLICATION, DISTRIBUTION, ETC.
Place of publication, distribution, etc. London :
Name of publisher, distributor, etc. Cresset Press,
Date of publication, distribution, etc. 1937.
-- 1948.
-- 1954, 1965
300 ## - PHYSICAL DESCRIPTION
Extent xiv, 452 p. :
Other physical details ill., maps ;
Dimensions 26 cm.
500 ## - GENERAL NOTE
General note Includes index.
533 ## - REPRODUCTION NOTE
Type of reproduction Microfilm.
Place of reproduction New Delhi :
Agency responsible for reproduction Library of Congress Office ;
Place of reproduction Chicago :
Agency responsible for reproduction Available from Center for Research Libraries,
Date of reproduction 1997.
Physical description of reproduction On 1 microfilm reel with other items ; 35 mm.
Series statement of reproduction (SAMP early 20th-century Indian books project ; item 10726)
Note about reproduction Master microform held by: ICRL.
651 #0 - SUBJECT ADDED ENTRY--GEOGRAPHIC NAME
Geographic name India
General subdivision Civilization.
700 1# - ADDED ENTRY--PERSONAL NAME
Personal name Seligman, C. G.
Fuller form of name (Charles Gabriel),
Dates associated with a name 1873-1940.
830 #0 - SERIES ADDED ENTRY--UNIFORM TITLE
Uniform title SAMP early 20th-century Indian books project ;
Volume/sequential designation item 10726.
906 ## - LOCAL DATA ELEMENT F, LDF (RLIN)
a 7
b cbc
c origode
d 5
e ncip
f 19
g y-genmicro
942 ## - ADDED ENTRY ELEMENTS (KOHA)
Source of classification or shelving scheme Dewey Decimal Classification
Koha item type Books
Holdings
Withdrawn status Lost status Source of classification or shelving scheme Damaged status Not for loan Collection code Home library Current library Shelving location Date acquired Source of acquisition Total Checkouts Full call number Barcode Date last seen Copy number Price effective from Koha item type Public note
    Dewey Decimal Classification Damaged Not For Loan Non-fiction Asiatic Society Library Asiatic Society Library General Stacks 02/27/2021 ASB Library Collections   954.306 RAI 106636 02/27/2021 C-1 02/27/2021 Books RARE
    Dewey Decimal Classification Damaged Not For Loan Non-fiction Asiatic Society Library Asiatic Society Library General Stacks 02/27/2021 ASB Library Collections   954.306 RAI 106639 02/27/2021 C-2 02/27/2021 Books RARE
    Dewey Decimal Classification   Not For Loan Non-fiction Asiatic Society Library Asiatic Society Library General Stacks 12/20/2022 Donated by Mr. Anupom Hayat   954.306 RAI 118005 12/20/2022 C-3 12/20/2022 Books RARE

Powered by Koha